تحميل...

Fourier transforms and their physical applications

التفاصيل البيبلوغرافية
المؤلف الرئيسي: Champeney, D C
التنسيق: Printed Book
منشور في: Wiley Eastern Limited, New Delhi 1973
الموضوعات:
LEADER 00533nam a2200193 4500
020
082 |a 515.2433 CHA-F 
100 |a Champeney, D C 
245 |a Fourier transforms and their physical applications 
250
260 |a Wiley Eastern Limited, New Delhi  |c 1973 
300 |a 256 
490
500
590 |a rvr 
650 |a Fourier and harmonic analysis 
942 |c BK 
999 |c 79231  |d 79231 
952 |0 0  |1 0  |4 0  |6 515_243300000000000_CHAF  |7 0  |9 92699  |a PHY  |b PHY  |l 0  |o 515.2433 CHA-F  |p PHY00912  |r 2019-09-24  |w 2019-09-24  |y BK